000 00802nam a22002297a 4500
003 BD-DhJNU
005 20250810040451.0
008 250810b |||||||| |||| 00| 0 eng d
020 _a0813312787
040 _aBD-DhJNU
_bENG
_cBD-DhJNU
_dBD-DhJNU
082 _223
_a972.85053 CON
245 _aConflict in Nicaragua :
_ba multidimensional perspective /
_cedited by Jiri Valenta and Esperanza Durán
260 _aBoston :
_bAllen & Unwin,
_c1987.
300 _axxx, 440p. :
_bill. ;
_c24 cm.
504 _aIncludes bibliographies and index
650 _aFrente Sandinista de Liberación Nacional
650 _aGeopolitics
_xNicaragua
650 _aNicaragua
_xPolitics and government
_z1979-1990
700 _aValenta, Jiri
_eeditor
700 _aDurán, Esperanza
_eeditor
942 _2ddc
_cBK
_n0
999 _c1972
_d1972